000 00483cam a22001337a 4500
008 180718b1950 xxu||||| |||| 00| 0 eng d
082 _aPx54 In2c/72
100 _aKabir, Humayun
245 _aReport on Indian education in east Africa and proposal to found gandhi memorial college in east Africa
_cby Humayun Kabir
260 _aDelhi
_bThe Manager of publications
_c1950
300 _a21p.
440 _aPamphlet no. 72
700 _aIndia. Ministry of Education. Bureau of Education
999 _c494367
_d494367